| 000 -LEADER |
| fixed length control field |
01232cam a2200229 a 4500 |
| 003 - CONTROL NUMBER IDENTIFIER |
| control field |
OSt |
| 005 - DATE AND TIME OF LATEST TRANSACTION |
| control field |
20200316120514.0 |
| 008 - FIXED-LENGTH DATA ELEMENTS--GENERAL INFORMATION |
| fixed length control field |
110526s2011 nyuae b 000 0 eng |
| 020 ## - INTERNATIONAL STANDARD BOOK NUMBER |
| International Standard Book Number |
9781616890247 (alk. paper) |
| 082 00 - DEWEY DECIMAL CLASSIFICATION NUMBER |
| Classification number |
720.92 |
| Edition number |
23 |
| Item number |
JEF |
| 100 1# - MAIN ENTRY--PERSONAL NAME |
| Personal name |
Head, Jeffrey. |
| 245 10 - TITLE STATEMENT |
| Title |
No nails, no lumber : |
| Remainder of title |
the bubble houses of Wallace Neff / |
| Statement of responsibility, etc |
by Jeffrey Head. |
| 246 30 - VARYING FORM OF TITLE |
| Title proper/short title |
Bubble houses of Wallace Neff |
| 250 ## - EDITION STATEMENT |
| Edition statement |
1st ed. |
| 260 ## - PUBLICATION, DISTRIBUTION, ETC. (IMPRINT) |
| Place of publication, distribution, etc |
New York : |
| Name of publisher, distributor, etc |
Princeton Architectural Press, |
| Date of publication, distribution, etc |
c2011. |
| 300 ## - PHYSICAL DESCRIPTION |
| Extent |
168 p. : |
| Other physical details |
ill. (some col.), plans ; |
| Dimensions |
22 cm. |
| 504 ## - BIBLIOGRAPHY, ETC. NOTE |
| Bibliography, etc |
Includes bibliographical references (p. 165-167). |
| 505 0# - FORMATTED CONTENTS NOTE |
| Formatted contents note |
Introduction -- The bubble houses. United States -- Falls Church, Virginia -- Litchfield Park, Arizona -- Loyola University, 1944 -- Pacific Linen Supply Co. --Pasadena, California -- South Pasadena, California -- Hobe Sound, Florida -- Airforms around the world. Latin America -- The Caribbean -- Europe -- Africa -- Asia -- Conclusion -- Appendix A. Interview : The Carmody sisters -- Appendix B. The patents of Wallace Neff -- Appendix C. Deflated airform plans [timeline]. |
| 600 10 - SUBJECT ADDED ENTRY--PERSONAL NAME |
| Personal name |
Neff, Wallace, |
| Dates associated with a name |
1895-1982 |
| General subdivision |
Criticism and interpretation. |
| 650 #0 - SUBJECT ADDED ENTRY--TOPICAL TERM |
| Topical term or geographic name as entry element |
Concrete houses. |
| 942 ## - ADDED ENTRY ELEMENTS (KOHA) |
| Source of classification or shelving scheme |
|